| 000 | 01802cam a2200457 4500 | ||
|---|---|---|---|
| 001 | 21240 | ||
| 003 | VRT | ||
| 005 | 20260225105540.0 | ||
| 008 | 221208s2022 xo g 010 f slo | ||
| 015 | _aSNBA2023/03 | ||
| 020 |
_a9788080903800 _q(brožované) |
||
| 039 | 9 |
_a202303200935 _bmsnk176 _c202303200934 _dmsnk176 |
|
| 040 |
_aSNK _bslo _cSNK _erda |
||
| 041 | 1 |
_aslo _heng |
|
| 044 |
_axo _cSK |
||
| 072 | 7 |
_a821.111-3 _xAnglická próza, anglicky písaná _2konspekt |
|
| 080 |
_a821.111(94)-31 _22011 |
||
| 080 |
_a82-311.4 _22011 |
||
| 100 | 1 |
_aBrownlee, Victoria, _d1985- _4aut |
|
| 240 | 1 | 0 |
_aBrioche in the oven _lSlovensky |
| 245 | 1 | 0 |
_aLáska na francúzskom vidieku _bromán o utešenej kaviarni, obchodíku s lahodnými syrmi a o nástrahách lásky v údolí rieky Loira _cVictoria Brownlee ; knihu Brioche in the oven ... do slovenčiny preložila Martina Antošová |
| 246 | 3 | 1 | _aRomán o utešenej kaviarni, obchodíku s lahodnými syrmi a o nástrahách lásky v údolí rieky Loira |
| 250 | _aVydanie 1. | ||
| 264 | 1 |
_aBratislava _bGRADA Slovakia, s.r.o. - Metafora _c2022 |
|
| 300 |
_a304 strán _c20 cm |
||
| 336 |
_atext _btxt _2rdacontent |
||
| 337 |
_abez média _bn _2rdamedia |
||
| 338 |
_azväzok _bnc _2rdacarrier |
||
| 490 | 1 | _aZa láskou | |
| 500 | _aVydala Grada Slovakia, s.r.o. pod značkou Metafora | ||
| 500 | _aPreložené z angličtiny | ||
| 655 | 7 |
_aaustrálske romány _2SNKPH |
|
| 655 | 7 |
_aspoločenské romány _2SNKPH |
|
| 655 | 7 |
_aAustralian fiction _2SNKPHeng |
|
| 655 | 7 |
_aSociety novels _2SNKPHeng |
|
| 700 | 1 |
_aAntošová, Martina _c(prekladateľka) _4trl |
|
| 830 | 0 | _aZa láskou | |
| 942 |
_2ddc _cKLDO _n0 |
||
| 949 |
_617A1516268 _asnkSD 91180 _bsnk2022/18400 _o2023/2022 |
||
| 949 |
_617A1516269 _asnkSD 91180 D1 _bsnk2022/18401 _o2023/2022 |
||
| 999 |
_c21240 _d21240 |
||